| 000 | 01156nam a22002537a 4500 | ||
|---|---|---|---|
| 001 | 5539 | ||
| 003 | FISKH | ||
| 005 | 20241218104004.0 | ||
| 008 | 241217b cb ||||| |||| 00| 0 eng d | ||
| 020 | _a9781741794694 | ||
| 040 |
_aFISKH _beng _cFISKH _dFISKH |
||
| 050 | _aDS527.3 | ||
| 082 | _a915.910453 | ||
| 100 | _aAllen, John | ||
| 245 |
_aLonely planet : _bMyanmar / _cThis edition is written and research by John Allen, Allen John Smith, Jamie Smith |
||
| 260 |
_aVictoria : _bLonely Planet : _c2014. |
||
| 300 |
_a407 pages : _bcolor illustrations ; _c21 cm |
||
| 520 | _aLonely Planet Myanmar (Burma) is your passport to the most relevant, up-to-date advice on what to see and skip, and what hidden discoveries await you. Be dazzled by Buddhist architecture in Yangon, explore Bagan's amazing plain of ancient temples, or hike to the floating gardens and markets of Inle Lake; all with your trusted travel companion. Get to the heart of Myanmar and begin your journey now! | ||
| 650 |
_aGuidebook _vBurma _xAsia |
||
| 700 |
_aSmith, Allen John _eAuthor |
||
| 700 |
_aSmith, Jamie _eAuthor |
||
| 942 |
_2ddc _cBK _n0 |
||
| 999 |
_c5539 _d5539 |
||